Score 0/20 Timer 06:00
3 Plays Today
% Correct
I Noah guy
95.5%
your faith is familiar
92.1%
It was quite a revelation
91.3%
they don’t believe in higher powers
90.9%
A roamin’ Catholic
90.9%
Because the Pope gave away their nest egg
90.8%
Boil the Hell out of it
90.5%
if she had any dirty habits
90.4%
Nickeless
90.4%
He pulls a rabbi out of a hat
89.8%
% Correct
Crown Him with Many Crowns
89.5%
they got a taste of religion
88.9%
needed to be hymned
88.8%
if he should inquire
88.6%
They were dead ringers
87.9%
if there really is a Dog
87.8%
is with canons
87.2%
practice safe sects
86.3%
Make me one with everything
81%
Hebrews it
79.2%
Remove Ads.
Support Sporcle.
Get the best of Sporcle when you Go Orange. This ad-free experience offers more features, more stats, and more fun while also helping to support Sporcle. Thank you for becoming a member.

You're not logged in!

Compare scores with friends on all Sporcle quizzes.
OR
Log In

Show Comments

Extras

Top Quizzes Today


Score Distribution

Your Account Isn't Verified!

In order to create a playlist on Sporcle, you need to verify the email address you used during registration. Go to your Sporcle Settings to finish the process.

Report this User

Report this user for behavior that violates our Community Guidelines.

Details: